Every NFL MVP - Statistics

General Stats
  • This quiz has been taken 26 times
    6 since last reset
  • The average score is 39 of 69
Answer Stats
Year Position Answer % Correct
1997 RB Barry Sanders
100%
2024 QB Josh Allen
100%
2023 QB Lamar Jackson
100%
2019 QB Lamar Jackson
100%
1985 RB Marcus Allen
100%
2022 QB Patrick Mahomes
100%
2018 QB Patrick Mahomes
100%
2013 QB Peyton Manning
100%
2009 QB Peyton Manning
100%
2008 QB Peyton Manning
100%
2004 QB Peyton Manning
100%
2003 QB Peyton Manning
100%
2017 QB Tom Brady
100%
2010 QB Tom Brady
100%
2007 QB Tom Brady
100%
2021 QB Aaron Rodgers
83%
2020 QB Aaron Rodgers
83%
2014 QB Aaron Rodgers
83%
2011 QB Aaron Rodgers
83%
1990 QB Joe Montana
83%
1989 QB Joe Montana
83%
2012 RB Adrian Peterson
67%
2015 QB Cam Newton
67%
1962 FB Jim Taylor
67%
1987 QB John Elway
67%
2001 QB Kurt Warner
67%
1999 QB Kurt Warner
67%
1986 ROLB Lawrence Taylor
67%
1978 QB Terry Bradshaw
67%
1984 QB Dan Marino
50%
1993 RB Emmitt Smith
50%
1965 FB Jim Brown
50%
1958 FB Jim Brown
50%
1957 FB Jim Brown
50%
2006 RB LaDainian Tomlinson
50%
1972 RB Larry Brown
50%
2000 RB Marshall Faulk
50%
2016 QB Matt Ryan
50%
1994 QB Steve Young
50%
1992 QB Steve Young
50%
1971 DT Alan Page
33%
1966 QB Bart Starr
33%
1976 QB Bert Jones
33%
1988 QB Boomer Esiason
33%
1997 QB Brett Favre
33%
1996 QB Brett Favre
33%
1995 QB Brett Favre
33%
1979 RB Earl Campbell
33%
1975 QB Fran Tarkenton
33%
1983 QB Joe Theismann
33%
1967 QB Johnny Unitas
33%
1964 QB Johnny Unitas
33%
1959 QB Johnny Unitas
33%
1981 QB Ken Anderson
33%
1974 QB Ken Stabler
33%
1982 K Mark Moseley
33%
1973 RB O.J. Simpson
33%
2002 QB Rich Gannon
33%
2005 RB Shaun Alexander
33%
1991 RB Thurman Thomas
33%
1977 RB Walter Payton
33%
1980 QB Brian Sipe
17%
1968 QB Earl Morrall
17%
1970 QB John Brodie
17%
1961 HB Paul Hornung
17%
1969 QB Roman Gabriel
17%
2003 QB Steve McNair
17%
1998 RB Terrell Davis
17%
1963 QB Y.A. Tittle
17%
No matching quizzes found
Score Distribution
Percent of People with Each Score
Percentile by Number Answered
Your Score History
You have not taken this quiz since the last reset